000 00682nam a2200169 4500
001 136051
003 ES-MaACL
005 20251014063208.0
007 t|
008 070214s1917 sp r ||||1| spa d
100 1 _aRuiz-Maya, M.,
_d1888-1936
_9100872
245 1 3 _aLa ciudad del deber
_b: trabajo presentado al VI Congreso de la Asociación Española para el Progreso de las Ciencias, celebrado en Sevilla en... 1917 /
_cM. Ruiz Maya.
260 _aCórdoba :
_b[s. n.],
_c1917 (
_fImp. Moderna)
710 2 _aAsociación Española para el Progreso de las Ciencias.
_bCongreso (
_n6º.
_d1917.
_cSevilla)
_935
852 4 _aES-MaACL
_j1559-F-13
999 _c136051
_d136051